000 00601nam a22002297a 4500
003 UA-OsUOA
001 60959
007 ta
008 20090615b un ||||| |||| 00| 0 ukr d
100 _aБубенко П.
700 _aГусєв В.
090 _a330(477)
_bБ90
942 _cSA
040 _aUA-OsUOA
_bukr
_cUA-OsUOA
_dUA-OsUOA
245 _aЧому гальмуються інноваційні процеси в Україні?
300 _aС.30-39
955 _a0
041 _aukr
080 _a330(477)
773 0 _w60958
650 7 _a330 Економіка взагалі
_2UDC
999 _c347176
_d347176